Forum Turolii : (Record no. 184580)
[ view plain ]
| 000 -LEADER | |
|---|---|
| campo de control de longitud fija | 00908nam a2200217 i 4500 |
| 001 - NÚMERO DE CONTROL | |
| campo de control | 184580 |
| 003 - IDENTIFICADOR DE NÚMERO DE CONTROL | |
| campo de control | ES-MaACL |
| 005 - FECHA Y HORA DE LA ÚLTIMA TRANSACCIÓN | |
| campo de control | 20250826010035.0 |
| 008 - DATOS DE LONGITUD FIJA--INFORMACIÓN GENERAL | |
| campo de control de longitud fija | 151023s1905 sp |||| | spa d |
| 130 0# - ENTRADA PRINCIPAL--TÍTULO UNIFORME | |
| Título uniforme | Fuero de Teruel. |
| 9 (RLIN) | 157997 |
| 245 10 - MENCIÓN DEL TÍTULO | |
| Título | Forum Turolii : |
| Resto del título | regnante i Aragonia Adefonso rege, anno dnice. nativitatis MCLXXVI / |
| Mención de responsabilidad, etc. | transcripción y estudio preliminar de Francisco Aznar y Navarro. |
| 260 ## - PUBLICACIÓN, DISTRIBUCIÓN, ETC. | |
| Lugar de publicación, distribución, etc. | [S.l.] : |
| Nombre del editor, distribuidor, etc. | [s.n.], |
| Fecha de publicación, distribución, etc. | [1905] ( |
| Lugar de fabricación/manufactura | Zaragoza : |
| Fabricante | Mariano Escar, Tip.) |
| 300 ## - DESCRIPCIÓN FÍSICA | |
| Extensión | XLVI, 300 p. ; |
| Dimensiones | 23 cm. |
| 490 1# - MENCIÓN DE SERIE | |
| Mención de serie | Colección de documentos para el estudio de la historia de Aragón ; |
| Designación de volumen o secuencia | 2 |
| 546 ## - NOTA DE IDIOMA | |
| Nota de lengua/lenguaje | Texto en latín; introducción en español. |
| 650 #4 - PUNTO DE ACCESO ADICIONAL DE MATERIA--TÉRMINO DE MATERIA | |
| Término de materia o nombre geográfico como elemento de entrada | Fueros- |
| Subdivisión geográfica | Teruel. |
| 9 (RLIN) | 157998 |
| 700 0# - ENTRADA AGREGADA--NOMBRE PERSONAL | |
| Nombre de persona | Aznar Navarro, Francisco. |
| 9 (RLIN) | 24314 |
| 830 00 - PUNTO DE ACCESO ADICIONAL DE SERIE-TÍTULO UNIFORME | |
| Título uniforme | Colección de documentos para el estudio de la historia de Aragón |
| Designación de volumen o secuencia | 2 |
| 9 (RLIN) | 192177 |
| 852 ## - LOCALIZACIÓN | |
| Ubicación | ES-MaACL |
| Número de control de estantería | C-2172 |
| Estatus retirado | Estado de pérdida | Estado de daño | No para préstamo | Biblioteca de origen | Biblioteca actual | Ubicación en estantería | Fecha de adquisición | Fuente de adquisición | Total de préstamos | Signatura topográfica completa | Código de barras | Visto por última vez | Precio de reemplazo | Tipo de ítem Koha |
|---|---|---|---|---|---|---|---|---|---|---|---|---|---|---|
| Biblioteca del Ateneo de Madrid | Biblioteca del Ateneo de Madrid | Sala Palomar | 23/10/2015 | C-2172 | 1194329 | 23/02/2023 | 23/02/2023 | Libro impreso |
